THE RECOGNISED FOREIGN HALAL CERTIFICATION BODIES & AUTHORITIES : As at February 13th, 2019.

Bibliographic Details
Corporate Author: Department of Islamic Development Malaysia
Format: Book
Published: Putrajaya: Secretariat Malaysia Halal Council, 2019.
Subjects:
LEADER 00817cam a2200241 7i4500
001 0000036082
005 20190820090000.0
007 ##ta
008 190820s2019
040 # # |a MATR 
090 0 0 |a M 664.00882971   |b DEP 
110 2 # |a Department of Islamic Development Malaysia 
245 1 0 |a THE RECOGNISED FOREIGN HALAL CERTIFICATION BODIES & AUTHORITIES :   |b As at February 13th, 2019. 
264 # 1 |a Putrajaya:   |b Secretariat Malaysia Halal Council,   |c 2019. 
300 # # |a 60 pages:   |b illustrations;   |c 21 cm. 
336 # # |a text  |2 rdacontent 
337 # # |a unmediated  |2 rdamedia 
338 # # |a volume  |2 rdacarrier 
650 # 0 |a Food industry and trade  
650 # 0 |a Muslims --   |x Dietary laws  
650 # 0 |a Halal food industry --   |x Certification  
650 # 0 |a Halal Food  
999 |a 0000040719  |b Book  |c Malaysia  |e Business Information Centre